000
00225 a2200097 4500
001
41836
100
_a
Little W
245
_a
The Oxford University Dictionary
260
_a
Oxford
_b
Clarendon Press
_c
090
_c
25937
_d
25937
942
_a
NUST-CAE
_c
M
_c
17710
999
_c
276909
_d
276909